[Event "Chiang Mai op 20th"]
[Site "Chiangmai"]
[Date "2022.10.23"]
[Round "2"]
[White "Lalith, Babu MR"]
[Black "Langer, Christian"]
[Result "1-0"]
[WhiteElo "2550"]
[BlackElo "2081"]
[PlyCount "69"]
[EventDate "2022.10.22"]
[EventType "swiss"]
[EventRounds "9"]
[EventCountry "THA"]
[SourceTitle "EXT 2024"]
[Source "ChessBase"]
[SourceDate "2023.10.10"]
[SourceVersion "1"]
[SourceVersionDate "2023.10.10"]
[SourceQuality "1"]

1. d4 d6 2. Nf3 Nf6 3. c4 Nbd7 4. Nc3 e5 5. e4 Be7 6. Be2 0-0 7. 0-0 c6 8. Be3 Re8 9. Qc2 Qc7 10. h3 a6 11. Rfd1 b5 12. a3 Bb7 13. Rac1 Rad8 14. cxb5 cxb5 15. d5 Ra8 16. b4 Bd8 17. a4 bxa4 18. Nd2 Nb6 19. Qa2 Qb8 20. Nxa4 Nxa4 21. Qxa4 Bc8 22. Rc6 Bd7 23. Bxa6 Bxc6 24. dxc6 Bb6 25. Bxb6 Qxb6 26. b5 d5 27. Rc1 Nxe4 28. Nxe4 dxe4 29. c7 e3 30. Qc2 Rec8 31. Bxc8 Rxc8 32. Qf5 exf2+ 33. Qxf2 Qxb5 34. Rd1 Qe8 35. Qb6 1-0

[Event "Budapest FS09 FM-A"]
[Site "Budapest"]
[Date "2012.09.07"]
[Round "7"]
[White "Langer, Christian"]
[Black "Trajber, Csaba"]
[Result "0-1"]
[WhiteElo "2129"]
[BlackElo "2018"]
[PlyCount "76"]
[EventDate "2012.09.01"]
[EventType "tourn"]
[EventRounds "11"]
[EventCountry "HUN"]
[SourceTitle "CBM 150 Extra"]
[Source "ChessBase"]
[SourceDate "2012.10.19"]
[SourceVersion "1"]
[SourceVersionDate "2012.10.19"]
[SourceQuality "1"]

1. g3 e5 2. Bg2 d5 3. c4 Nf6 4. cxd5 Nxd5 5. Nc3 Nxc3 6. bxc3 Bc5 7. d3 0-0 8. Bd2 Nc6 9. Nf3 Bb6 10. 0-0 Bg4 11. Qc2 Qe7 12. Bg5 f6 13. Bc1 Rfe8 14. Qa4 Bd7 15. Qc2 Rad8 16. Nd2 Na5 17. a4 c5 18. Bb2 Bc6 19. c4 Bxg2 20. Kxg2 Nc6 21. Ne4 f5 22. Nc3 Nb4 23. Qb1 e4 24. dxe4 fxe4 25. Ba3 Rd4 26. Qb3 Qe6 27. Bxb4 Qxc4 28. Qxc4+ Rxc4 29. a5 Bd8 30. Nd5 cxb4 31. Rfb1 Rc5 32. Nxb4 Bxa5 33. Na2 Bb6 34. Rb2 e3 35. f4 Rd5 36. Nb4 Rd2 37. Raa2 Red8 38. Nd3 R8xd3 0-1

[Event "Budapest FS09 FM-A"]
[Site "Budapest"]
[Date "2012.09.05"]
[Round "5"]
[White "Langer, Christian"]
[Black "Krstulovic, Alex"]
[Result "1/2-1/2"]
[WhiteElo "2129"]
[BlackElo "1843"]
[PlyCount "60"]
[EventDate "2012.09.01"]
[EventType "tourn"]
[EventRounds "11"]
[EventCountry "HUN"]
[SourceTitle "CBM 150 Extra"]
[Source "ChessBase"]
[SourceDate "2012.10.19"]
[SourceVersion "1"]
[SourceVersionDate "2012.10.19"]
[SourceQuality "1"]

1. g3 c5 2. Bg2 g6 3. c4 Bg7 4. Nc3 Nc6 5. Rb1 Rb8 6. a3 a6 7. b4 cxb4 8. axb4 b5 9. cxb5 axb5 10. Nf3 d5 11. d4 Nf6 12. Bf4 Bf5 13. Rb3 Rb6 14. 0-0 0-0 15. Ne5 Ne4 16. Nxe4 Nxe5 17. Bxe5 Bxe5 18. dxe5 Bxe4 19. Bxe4 dxe4 20. Rc3 Qa8 21. Qd4 Rc6 22. Rc5 Rxc5 23. Qxc5 Qb7 24. Rc1 Rd8 25. Qe3 Rd5 26. Rc5 Rxc5 27. Qxc5 Qd7 28. e3 Qd1+ 29. Kg2 Qf3+ 30. Kg1 Qd1+ 1/2-1/2

[Event "Budapest FS09 FM-A"]
[Site "Budapest"]
[Date "2012.09.03"]
[Round "3"]
[White "Langer, Christian"]
[Black "Juracsik, Jozsef"]
[Result "1-0"]
[WhiteElo "2129"]
[BlackElo "2149"]
[PlyCount "103"]
[EventDate "2012.09.01"]
[EventType "tourn"]
[EventRounds "11"]
[EventCountry "HUN"]
[SourceTitle "CBM 150 Extra"]
[Source "ChessBase"]
[SourceDate "2012.10.19"]
[SourceVersion "1"]
[SourceVersionDate "2012.10.19"]
[SourceQuality "1"]

1. g3 d5 2. Bg2 c6 3. Nf3 Nf6 4. b3 g6 5. Bb2 Bg7 6. 0-0 0-0 7. d3 a5 8. a3 Qb6 9. Nbd2 Na6 10. Rb1 h6 11. c4 Rd8 12. Qc2 Bg4 13. h3 Bxf3 14. Nxf3 Ne8 15. Bxg7 Kxg7 16. b4 axb4 17. axb4 Nac7 18. Rfc1 Nf6 19. Nd2 Ne6 20. Nf3 dxc4 21. dxc4 Ra3 22. e3 Rda8 23. Rb2 Ra1 24. Rcb1 Rxb1+ 25. Rxb1 Kg8 26. Ne5 Qc7 27. Qc3 Nd7 28. Nf3 Nf6 29. Nd4 Ng5 30. Qc2 e5 31. h4 exd4 32. hxg5 hxg5 33. exd4 Rd8 34. Qc3 Qd6 35. Rd1 Re8 36. Qd2 g4 37. c5 Qd7 38. Qd3 Nd5 39. Qc4 Kg7 40. Bxd5 cxd5 41. Qd3 Re4 42. b5 Qf5 43. Qc3 Re2 44. Rf1 Qe4 45. b6 Rc2 46. Qe3 Qf5 47. Re1 Rc4 48. Qf4 Qxf4 49. gxf4 Kf6 50. Re8 Kf5 51. Re7 f6 52. Rxb7 1-0

[Event "Karl Mala Memorial op 15th"]
[Site "Frankfurt"]
[Date "2012.07.08"]
[Round "7"]
[White "Langer, Christian"]
[Black "Iwanziw, Niklas"]
[Result "1-0"]
[WhiteElo "2133"]
[BlackElo "1933"]
[PlyCount "93"]
[EventDate "2012.07.05"]
[EventType "swiss"]
[EventRounds "7"]
[EventCountry "GER"]
[SourceTitle "CBM 149 Extra"]
[Source "ChessBase"]
[SourceDate "2012.08.24"]
[SourceVersion "1"]
[SourceVersionDate "2012.08.24"]
[SourceQuality "1"]

1. g3 d5 2. Bg2 c5 3. c4 d4 4. d3 e5 5. Nf3 Nc6 6. Na3 h6 7. Nc2 Nf6 8. a3 a5 9. Rb1 Bf5 10. Nd2 Be7 11. 0-0 0-0 12. Ne4 Nd7 13. e3 Bg6 14. exd4 cxd4 15. b4 axb4 16. axb4 f5 17. Nd2 Qc7 18. Re1 Rab8 19. b5 Nd8 20. Nb3 Re8 21. Ra1 Ne6 22. Ba3 Bxa3 23. Rxa3 Nec5 24. Bd5+ Bf7 25. Nxc5 Bxd5 26. Nxd7 Qxd7 27. cxd5 Qxb5 28. Qb1 Qxd5 29. Qb3 Rbd8 30. f3 Kf8 31. Qxd5 Rxd5 32. Re2 Rc5 33. Ne1 Rb8 34. Rb3 b5 35. Rb4 Ke7 36. f4 Kd6 37. fxe5+ Rxe5 38. Rxe5 Kxe5 39. Nf3+ Kd5 40. Nxd4 Kc5 41. Nc2 Ra8 42. d4+ Kc6 43. Rb2 g6 44. Nb4+ Kd6 45. Kf2 Ra3 46. Nc2 h5 47. Nxa3 1-0

[Event "Karl Mala Memorial op 15th"]
[Site "Frankfurt"]
[Date "2012.07.07"]
[Round "4"]
[White "Diyap, Murat"]
[Black "Langer, Christian"]
[Result "1/2-1/2"]
[WhiteElo "1937"]
[BlackElo "2133"]
[PlyCount "94"]
[EventDate "2012.07.05"]
[EventType "swiss"]
[EventRounds "7"]
[EventCountry "GER"]
[SourceTitle "CBM 149 Extra"]
[Source "ChessBase"]
[SourceDate "2012.08.24"]
[SourceVersion "1"]
[SourceVersionDate "2012.08.24"]
[SourceQuality "1"]

1. e4 d6 2. d4 Nf6 3. Nc3 e5 4. dxe5 dxe5 5. Qxd8+ Kxd8 6. Bg5 Be6 7. Nf3 Bd6 8. 0-0-0 Ke7 9. Nd5+ Bxd5 10. Rxd5 Nbd7 11. Rd1 h6 12. Bxf6+ Nxf6 13. Bd3 a6 14. h3 b5 15. Rhe1 Nd7 16. Nh4 g6 17. g3 Rhe8 18. Rf1 Kf8 19. Ng2 Red8 20. f4 Kg7 21. Rf3 Rf8 22. Rdf1 Rae8 23. f5 Nf6 24. Ne3 Bc5 25. Ng4 Nxg4 26. hxg4 g5 27. c3 Rd8 28. Kd2 Rd6 29. Ke2 Rfd8 30. Rd1 Bb6 31. Bc2 Rxd1 32. Bxd1 Kf6 33. Bc2 c5 34. Rd3 Rxd3 35. Bxd3 c4 36. Bc2 Ba5 37. a4 Ke7 38. axb5 axb5 39. Kd2 b4 40. Ba4 Kd6 41. Be8 f6 42. Bf7 Kc5 43. Be8 Bc7 44. Bf7 Bd6 45. Be8 Bc7 46. Bf7 Bb6 47. Be8 Ba5 1/2-1/2

[Event "Karl Mala Memorial op 15th"]
[Site "Frankfurt"]
[Date "2012.07.06"]
[Round "3"]
[White "Langer, Christian"]
[Black "Poetsch, Hagen"]
[Result "0-1"]
[WhiteElo "2133"]
[BlackElo "2436"]
[PlyCount "100"]
[EventDate "2012.07.05"]
[EventType "swiss"]
[EventRounds "7"]
[EventCountry "GER"]
[SourceTitle "CBM 149 Extra"]
[Source "ChessBase"]
[SourceDate "2012.08.24"]
[SourceVersion "1"]
[SourceVersionDate "2012.08.24"]
[SourceQuality "1"]

1. g3 e5 2. Bg2 d5 3. c4 d4 4. d3 Nc6 5. Nf3 Nf6 6. 0-0 Nd7 7. Na3 Be7 8. Nc2 a5 9. Rb1 0-0 10. b3 Nb4 11. a3 Nxc2 12. Qxc2 f5 13. b4 axb4 14. axb4 Bf6 15. Bb2 c5 16. b5 Nb6 17. Ra1 Rxa1 18. Rxa1 e4 19. Ne1 e3 20. fxe3 dxe3 21. Nf3 g5 22. Rf1 f4 23. Qc1 g4 24. Bxf6 Qxf6 25. Ne1 Qe5 26. gxf4 Rxf4 27. Nc2 Rf2 28. Qxe3 Qxe3 29. Nxe3 Rxe2 30. Nd5 Nd7 31. Be4 Kg7 32. Ne7 Nb6 33. Nxc8 Nxc8 34. Bxb7 Nd6 35. Bd5 Rb2 36. Re1 Nf5 37. Re5 Kf6 38. Re6+ Kg5 39. Be4 Nd4 40. Re7 Kf4 41. Bc6 h5 42. Re4+ Kf5 43. Re1 h4 44. Rf1+ Kg5 45. Be4 Ne2+ 46. Kh1 g3 47. Bf3 Nf4 48. hxg3 hxg3 49. Rd1 Nh3 50. b6 Rh2# 0-1

[Event "Karl Mala Memorial op 14th"]
[Site "Frankfurt"]
[Date "2011.07.09"]
[Round "4"]
[White "Guenzler, Richard"]
[Black "Langer, Christian"]
[Result "0-1"]
[WhiteElo "1933"]
[BlackElo "2147"]
[PlyCount "102"]
[EventDate "2011.07.07"]
[EventType "swiss"]
[EventRounds "7"]
[EventCountry "GER"]
[SourceTitle "EXT 2012"]
[Source "ChessBase"]
[SourceDate "2011.11.24"]
[SourceVersion "1"]
[SourceVersionDate "2011.11.24"]
[SourceQuality "1"]

1. e4 d6 2. d4 Nf6 3. Nc3 e5 4. Nf3 exd4 5. Nxd4 Be7 6. Be2 0-0 7. 0-0 c5 8. Nb3 Nc6 9. Bc4 a6 10. Bd5 Nb4 11. f3 Qc7 12. Be3 Rd8 13. Nc1 Rb8 14. N1e2 b5 15. Nf4 g5 16. Nfe2 Nbxd5 17. exd5 h6 18. Ne4 Qb7 19. Nxf6+ Bxf6 20. f4 Qe7 21. Qd2 Re8 22. Kf2 g4 23. Rae1 Bg7 24. Ng3 Qf8 25. f5 Bb7 26. Ne2 Re5 27. Kg1 Rbe8 28. f6 Rxe3 29. fxg7 Qxg7 30. Ng3 Rxe1 31. Rxe1 Rxe1+ 32. Qxe1 Qd4+ 33. Qf2 Qxb2 34. Nf5 Qf6 35. Ne3 Qd4 36. Kf1 Bxd5 37. Nf5 Qf6 38. Qf4 Kh7 39. g3 Be6 40. Nxd6 Qxf4+ 41. gxf4 Bxa2 42. Ne4 Kg6 43. Nxc5 a5 44. Ke2 a4 45. Ne4 Bc4+ 46. Kd2 a3 47. Kc1 a2 48. Kb2 Kf5 49. Nc3 Kxf4 50. Nxa2 Kf3 51. Nc3 Kg2 0-1

[Event "Karl Mala Memorial op 14th"]
[Site "Frankfurt"]
[Date "2011.07.08"]
[Round "3"]
[White "Langer, Christian"]
[Black "Ikonnikov, Vyacheslav"]
[Result "0-1"]
[WhiteElo "2147"]
[BlackElo "2557"]
[PlyCount "48"]
[EventDate "2011.07.07"]
[EventType "swiss"]
[EventRounds "7"]
[EventCountry "GER"]
[SourceTitle "EXT 2012"]
[Source "ChessBase"]
[SourceDate "2011.11.24"]
[SourceVersion "1"]
[SourceVersionDate "2011.11.24"]
[SourceQuality "1"]

1. g3 e5 2. Bg2 Nc6 3. c4 f5 4. Nc3 Nf6 5. d3 Bb4 6. a3 Bxc3+ 7. bxc3 d6 8. Rb1 0-0 9. Nf3 Qe8 10. 0-0 Rb8 11. Nd2 f4 12. Ne4 Nxe4 13. Bxe4 Ne7 14. Bg2 Qh5 15. Bf3 Bg4 16. Bxg4 Qxg4 17. Kg2 Nf5 18. f3 Qg6 19. g4 h5 20. h3 Ng3 21. Rg1 hxg4 22. hxg4 Qh6 23. Rh1 Nxh1 24. Qxh1 Qg6 0-1

[Event "Rhein Main op 12th"]
[Site "Bad Homburg"]
[Date "2009.06.14"]
[Round "7"]
[White "Held, Carsten"]
[Black "Langer, Christian"]
[Result "1/2-1/2"]
[WhiteElo "1967"]
[BlackElo "2142"]
[PlyCount "57"]
[EventDate "2009.06.10"]
[EventType "swiss"]
[EventRounds "7"]
[EventCountry "GER"]
[SourceTitle "CBM 131 Extra"]
[Source "ChessBase"]
[SourceDate "2009.09.03"]
[SourceVersion "2"]
[SourceVersionDate "2009.09.16"]
[SourceQuality "1"]

1. Nf3 d6 2. g3 Nf6 3. Bg2 g6 4. b3 Bg7 5. Bb2 0-0 6. 0-0 c6 7. c4 a6 8. d3 Nbd7 9. Nbd2 Rb8 10. Rc1 c5 11. e3 b5 12. Qe2 b4 13. d4 Bb7 14. Rfd1 Qc7 15. Ne1 Bxg2 16. Kxg2 a5 17. Nd3 Rfe8 18. dxc5 Nxc5 19. Nxc5 dxc5 20. Bxf6 Bxf6 21. Ne4 Bg7 22. Rd5 f5 23. Ng5 e6 24. Rd3 h6 25. Nh3 g5 26. Rcd1 Rbd8 27. f3 Bf6 28. Nf2 Kf7 29. Rxd8 1/2-1/2

[Event "Rhein Main op 12th"]
[Site "Bad Homburg"]
[Date "2009.06.13"]
[Round "6"]
[White "Langer, Christian"]
[Black "Kroll, Tobias"]
[Result "1-0"]
[WhiteElo "2142"]
[BlackElo "1960"]
[PlyCount "45"]
[EventDate "2009.06.10"]
[EventType "swiss"]
[EventRounds "7"]
[EventCountry "GER"]
[SourceTitle "CBM 131 Extra"]
[Source "ChessBase"]
[SourceDate "2009.09.03"]
[SourceVersion "2"]
[SourceVersionDate "2009.09.16"]
[SourceQuality "1"]

1. g3 d6 2. Bg2 Nf6 3. c4 g6 4. Nc3 Bg7 5. Rb1 c5 6. a3 Nbd7 7. b4 Rb8 8. bxc5 Nxc5 9. d4 Bf5 10. dxc5 Bxb1 11. Qa4+ Nd7 12. Nxb1 dxc5 13. Nf3 0-0 14. 0-0 Qc7 15. Bf4 e5 16. Be3 b6 17. Nc3 e4 18. Nxe4 Rbe8 19. Qc2 Re7 20. Nc3 Bxc3 21. Qxc3 Ne5 22. Nd2 Rfe8 23. Bg5 1-0

[Event "Rhein Main op 12th"]
[Site "Bad Homburg"]
[Date "2009.06.11"]
[Round "2"]
[White "Langer, Christian"]
[Black "Meier, Juergen"]
[Result "1-0"]
[WhiteElo "2142"]
[BlackElo "1711"]
[PlyCount "137"]
[EventDate "2009.06.10"]
[EventType "swiss"]
[EventRounds "7"]
[EventCountry "GER"]
[SourceTitle "CBM 131 Extra"]
[Source "ChessBase"]
[SourceDate "2009.09.03"]
[SourceVersion "2"]
[SourceVersionDate "2009.09.16"]
[SourceQuality "1"]

1. g3 e5 2. Bg2 d5 3. c4 c6 4. Qb3 Nf6 5. d3 Qd6 6. Nd2 Nbd7 7. Qc2 Be7 8. Ngf3 0-0 9. b3 Rb8 10. Bb2 d4 11. 0-0 b5 12. a3 Ba6 13. Rfc1 Rfc8 14. Bh3 bxc4 15. Nxc4 Bxc4 16. Qxc4 c5 17. Rcb1 Rc7 18. Bc1 Rcb7 19. Bg2 h6 20. Nh4 Nb6 21. Qc2 Nbd5 22. Bd2 Qd7 23. Nf3 Bd6 24. Rb2 Qc7 25. Bc1 Qe7 26. Nd2 Qe6 27. Nc4 Bc7 28. Rab1 Qa6 29. Bd2 Kf8 30. Bf3 Re8 31. b4 cxb4 32. axb4 Qe6 33. b5 Reb8 34. Qa4 Bb6 35. Qa3+ Kg8 36. Rc1 Rd7 37. Na5 Nc3 38. Nc6 Rbb7 39. Bxc3 dxc3 40. Qxc3 e4 41. dxe4 Nxe4 42. Bxe4 Qxe4 43. Qc2 Qe6 44. e3 Rd6 45. Rd1 Rbd7 46. Rxd6 Rxd6 47. Nb4 Qg4 48. Nd3 Qf3 49. Rb1 Qf5 50. Ne1 Qd7 51. Nf3 Rd5 52. Qe2 Qb7 53. Kg2 Ba5 54. Qc4 Rh5 55. Qc6 Qe7 56. Rc1 Bb6 57. Rc4 Rc5 58. Rxc5 Bxc5 59. Qd5 Qd6 60. Qxd6 Bxd6 61. Nd4 Kf8 62. Kf3 Ke8 63. Ke4 g6 64. Kd5 Kd7 65. Nc6 Kc7 66. Nxa7 Ba3 67. Nc6 Kb6 68. Kc4 f6 69. Nb4 1-0

[Event "Rhein Main op 12th"]
[Site "Bad Homburg"]
[Date "2009.06.11"]
[Round "3"]
[White "Wolff, Michael"]
[Black "Langer, Christian"]
[Result "0-1"]
[WhiteElo "1951"]
[BlackElo "2142"]
[PlyCount "90"]
[EventDate "2009.06.10"]
[EventType "swiss"]
[EventRounds "7"]
[EventCountry "GER"]
[SourceTitle "CBM 131 Extra"]
[Source "ChessBase"]
[SourceDate "2009.09.03"]
[SourceVersion "2"]
[SourceVersionDate "2009.09.16"]
[SourceQuality "1"]

1. e4 d6 2. d4 Nf6 3. Nc3 e5 4. dxe5 dxe5 5. Qxd8+ Kxd8 6. Bc4 Be6 7. Bxe6 fxe6 8. Nf3 Bd6 9. 0-0 Ke7 10. Be3 Nc6 11. a3 a6 12. h3 b5 13. Ne1 Nh5 14. g3 Rhf8 15. Ne2 Nf6 16. f3 h6 17. Kg2 a5 18. Nd3 a4 19. Nc3 Rfb8 20. Na2 Na5 21. Nab4 Rc8 22. Bg1 c5 23. Na2 Nd7 24. f4 Nc6 25. f5 c4 26. Ne1 b4 27. Nxb4 Nxb4 28. axb4 Bxb4 29. c3 Bd6 30. Nf3 Rcb8 31. Ra2 a3 32. bxa3 Rb3 33. Rc1 Raxa3 34. Rxa3 Rxa3 35. Rc2 Ra4 36. Nd2 Bc5 37. Bxc5+ Nxc5 38. Kf3 Kd6 39. Ke3 exf5 40. exf5 Kd5 41. g4 Ra1 42. Kf2 e4 43. h4 Nd3+ 44. Kg3 Rg1+ 45. Kh3 Nf4+ 0-1

[Event "Bielefeld Gr1"]
[Site "Bielefeld"]
[Date "2007.05.26"]
[Round "2"]
[White "Grochtmann, Stephan"]
[Black "Langer, Christian"]
[Result "1/2-1/2"]
[WhiteElo "2090"]
[BlackElo "2147"]
[PlyCount "33"]
[EventDate "2007.05.25"]
[EventType "tourn"]
[EventRounds "7"]
[EventCountry "GER"]
[SourceTitle "EXT 2008"]
[Source "ChessBase"]
[SourceDate "2007.11.25"]
[SourceVersion "1"]
[SourceVersionDate "2007.11.25"]
[SourceQuality "1"]

1. e4 d6 2. d4 Nf6 3. Nc3 e5 4. dxe5 dxe5 5. Qxd8+ Kxd8 6. Nf3 Bd6 7. Bc4 Ke7 8. Bg5 c6 9. 0-0-0 Bc7 10. Nh4 h6 11. Be3 Bb6 12. Rhe1 g6 13. h3 Nbd7 14. Re2 Bxe3+ 15. Rxe3 a5 16. Rf1 Rd8 17. a4 1/2-1/2

[Event "Werther Schloss op-B 13rd"]
[Site "Werther"]
[Date "2007.03.31"]
[Round "2"]
[White "Kalla, Christian"]
[Black "Langer, Christian"]
[Result "1/2-1/2"]
[WhiteElo "1934"]
[BlackElo "2147"]
[PlyCount "107"]
[EventDate "2007.03.30"]
[EventType "swiss"]
[EventRounds "5"]
[EventCountry "GER"]
[SourceTitle "EXT 2008"]
[Source "ChessBase"]
[SourceDate "2007.11.25"]
[SourceVersion "1"]
[SourceVersionDate "2007.11.25"]
[SourceQuality "1"]

1. e4 d6 2. d4 Nf6 3. Nc3 e5 4. dxe5 dxe5 5. Qxd8+ Kxd8 6. Bg5 Be6 7. 0-0-0+ Kc8 8. f4 exf4 9. e5 Nfd7 10. Nf3 Bc5 11. Bxf4 h6 12. Bb5 Nc6 13. Bxc6 bxc6 14. Nd4 Bxd4 15. Rxd4 Re8 16. h3 a5 17. Rhd1 Nc5 18. Na4 Nd7 19. g4 Rb8 20. b3 g5 21. Bg3 Rh8 22. c4 h5 23. Nc3 hxg4 24. hxg4 Rh3 25. Be1 Nxe5 26. Ne4 Bxg4 27. Rd8+ Kb7 28. Nc5+ Ka8 29. Rxb8+ Kxb8 30. Rd8+ Ka7 31. Bxa5 Ng6 32. Bxc7 Rh8 33. Rxh8 Nxh8 34. Bd8 f5 35. Bxg5 Nf7 36. Be3 Kb8 37. Nd3 Kc7 38. Bf4+ Kd7 39. Ne5+ Nxe5 40. Bxe5 Kc8 41. Kd2 Bf3 42. Ke3 Be4 43. Kd4 Kb7 44. Kc5 Bc2 45. b4 Ba4 46. Bf4 Ka6 47. Bc7 Kb7 48. Bd6 Ka6 49. a3 Kb7 50. Be5 Ka6 51. Bf4 Kb7 52. b5 cxb5 53. cxb5 Bxb5 54. Kxb5 1/2-1/2

[Event "Werther Schloss op-B 13rd"]
[Site "Werther"]
[Date "2007.03.31"]
[Round "3"]
[White "Langer, Christian"]
[Black "Bader, Arnd"]
[Result "0-1"]
[WhiteElo "2147"]
[BlackElo "1889"]
[PlyCount "86"]
[EventDate "2007.03.30"]
[EventType "swiss"]
[EventRounds "5"]
[EventCountry "GER"]
[SourceTitle "EXT 2008"]
[Source "ChessBase"]
[SourceDate "2007.11.25"]
[SourceVersion "1"]
[SourceVersionDate "2007.11.25"]
[SourceQuality "1"]

1. e4 e6 2. d4 d5 3. Nd2 Nf6 4. e5 Nfd7 5. Ngf3 c5 6. c3 Nc6 7. Bd3 Be7 8. 0-0 0-0 9. Re1 f6 10. exf6 Nxf6 11. dxc5 Bxc5 12. Nb3 Bd6 13. Nbd4 Nxd4 14. cxd4 Bd7 15. Bg5 Qb6 16. Qe2 Kh8 17. Rac1 Bb4 18. Red1 Be8 19. a3 Bd6 20. Re1 Bf7 21. Qd2 Bh5 22. Be3 Bxf3 23. gxf3 Nh5 24. Be2 Nf4 25. Kh1 Qd8 26. Rg1 Qh4 27. Rg3 Nxe2 28. Qxe2 Bxg3 29. fxg3 Qf6 30. Kg2 Rac8 31. Rxc8 Rxc8 32. g4 a6 33. Qd2 h6 34. Kg3 e5 35. dxe5 Qxe5+ 36. Bf4 Qe6 37. h4 Re8 38. Kf2 d4 39. h5 d3 40. Be3 Qc4 41. Ke1 Qf4 42. Kf2 Qh2+ 43. Ke1 Qg1# 0-1

[Event "Werther Schloss op-B 12th"]
[Site "Werther"]
[Date "2006.04.09"]
[Round "5"]
[White "Langer, Christian"]
[Black "Marxen, Tobias"]
[Result "1/2-1/2"]
[WhiteElo "2143"]
[BlackElo "2133"]
[PlyCount "47"]
[EventDate "2006.04.07"]
[EventType "swiss"]
[EventRounds "5"]
[EventCountry "GER"]
[SourceTitle "EXT 2008"]
[Source "ChessBase"]
[SourceDate "2007.11.25"]
[SourceVersion "1"]
[SourceVersionDate "2007.11.25"]
[SourceQuality "1"]

1. e4 e5 2. Nc3 Nf6 3. f4 d5 4. exd5 exf4 5. Bc4 Nbd7 6. d3 Nb6 7. Bxf4 Bg4 8. Nf3 Nbxd5 9. Nxd5 Nxd5 10. Qe2+ Be7 11. Bxd5 Qxd5 12. 0-0 Be6 13. c4 Qc5+ 14. Be3 Qd6 15. Nd4 c6 16. Nb3 0-0 17. Bc5 Qc7 18. Bxe7 Qxe7 19. d4 Qb4 20. Rac1 b5 21. Qd2 Qxd2 22. Nxd2 Rfd8 23. Rf4 Rab8 24. b3 1/2-1/2

[Event "Dortmund op-A"]
[Site "Dortmund"]
[Date "2004.07.31"]
[Round "9"]
[White "Viebahn, Dirk"]
[Black "Langer, Christian"]
[Result "1/2-1/2"]
[WhiteElo "2079"]
[BlackElo "2162"]
[PlyCount "22"]
[EventDate "2004.07.??"]
[EventType "swiss"]
[EventRounds "9"]
[EventCountry "GER"]
[SourceTitle "EXT 2006"]
[Source "ChessBase"]
[SourceDate "2005.11.24"]
[SourceVersion "1"]
[SourceVersionDate "2005.11.24"]
[SourceQuality "1"]

1. Nf3 c5 2. g3 Nf6 3. Bg2 d5 4. 0-0 Nc6 5. d4 e6 6. Bg5 cxd4 7. Nxd4 Be7 8. Nxc6 bxc6 9. c4 0-0 10. cxd5 cxd5 11. Nc3 Rb8 1/2-1/2

[Event "Dortmund op-A"]
[Site "Dortmund"]
[Date "2004.07.23"]
[Round "1"]
[White "Luft, Dennis"]
[Black "Langer, Christian"]
[Result "0-1"]
[WhiteElo "1940"]
[BlackElo "2162"]
[PlyCount "86"]
[EventDate "2004.07.??"]
[EventType "swiss"]
[EventRounds "9"]
[EventCountry "GER"]
[SourceTitle "EXT 2006"]
[Source "ChessBase"]
[SourceDate "2005.11.24"]
[SourceVersion "1"]
[SourceVersionDate "2005.11.24"]
[SourceQuality "1"]

1. e4 c5 2. Nf3 g6 3. d4 Bg7 4. g3 cxd4 5. Nxd4 Nc6 6. Be3 Nf6 7. Bg2 d6 8. 0-0 0-0 9. h3 d5 10. Nxc6 bxc6 11. e5 Ne4 12. Bf4 Qb6 13. b3 Ba6 14. c4 Rad8 15. Bxe4 dxe4 16. Qc2 Bc8 17. Kg2 Qd4 18. Nd2 Bf5 19. g4 e3 20. gxf5 exd2 21. Be3 Qxe5 22. Rad1 gxf5 23. Bxd2 Rd6 24. Rfe1 Qf6 25. Bb4 Qg5+ 26. Kh1 Rg6 27. Rg1 Qh5 28. Qd3 Bf6 29. Rde1 Re8 30. Rxg6+ hxg6 31. Bxe7 Rxe7 32. Qd8+ Kg7 33. Rxe7 Qxh3+ 34. Kg1 Qg4+ 35. Kf1 Qh3+ 36. Kg1 Qg4+ 37. Kf1 Qh4 38. Rxf7+ Kxf7 39. Qd7+ Be7 40. Qxc6 Qf4 41. Qa4 Bc5 42. Ke1 Qxf2+ 43. Kd1 Qf3+ 0-1

[Event "OWL-ch"]
[Site "Lieme"]
[Date "2003.04.24"]
[Round "2"]
[White "Langer, Christian"]
[Black "Dyballa, Gerhard"]
[Result "1/2-1/2"]
[WhiteElo "2056"]
[BlackElo "1987"]
[PlyCount "113"]
[EventDate "2003.04.27"]
[EventType "tourn"]
[EventRounds "7"]
[EventCountry "GER"]
[SourceTitle "EXT 2022"]
[Source "ChessBase"]
[SourceDate "2021.10.06"]
[SourceVersion "1"]
[SourceVersionDate "2021.10.06"]
[SourceQuality "1"]

1. e4 e6 2. Nf3 d5 3. e5 c5 4. b4 cxb4 5. d4 Ne7 6. a3 Nec6 7. axb4 Bxb4+ 8. c3 Be7 9. Bd3 0-0 10. h4 h6 11. h5 Nd7 12. Qe2 f6 13. exf6 Rxf6 14. Ne5 Qc7 15. Ng4 Nxd4 16. Nxf6+ Nxf6 17. Qd1 Qe5+ 18. Be3 Nc6 19. Kf1 Bd7 20. Ra4 Qc7 21. Ra2 e5 22. Qd2 Ng4 23. Bc2 Nxe3+ 24. Qxe3 e4 25. Na3 Na5 26. Qd2 Be6 27. Qe1 Rf8 28. Bb1 Bc5 29. Nb5 Qb6 30. Nd4 Bxd4 31. cxd4 Nc4 32. Re2 Qxd4 33. Rh4 Bd7 34. Kg1 a5 35. Bxe4 dxe4 36. Rexe4 Qd2 37. Qxd2 Nxd2 38. Rd4 Nf3+ 39. gxf3 Bc6 40. f4 a4 41. Rh3 Ra8 42. Ra3 Ra5 43. Kh2 Rxh5+ 44. Kg3 Kf7 45. Kg4 Rh2 46. Raxa4 Bxa4 47. Rxa4 Rxf2 48. Rb4 Rg2+ 49. Kf3 Ra2 50. Rxb7+ Kf6 51. Kg4 Ra6 52. Rb8 g6 53. Rf8+ Kg7 54. Rb8 h5+ 55. Kh4 Rf6 56. Rb4 Kh6 57. Kg3 1/2-1/2

[Event "NRW-ch"]
[Site "Germany"]
[Date "2002.10.16"]
[Round "5"]
[White "Schebler, Gerhard"]
[Black "Langer, Christian"]
[Result "1-0"]
[WhiteElo "2500"]
[BlackElo "2216"]
[PlyCount "65"]
[EventDate "2002.10.12"]
[EventType "tourn"]
[EventRounds "7"]
[EventCountry "GER"]
[EventCategory "2"]
[SourceTitle "CBM 091 Extra"]
[Source "ChessBase"]
[SourceDate "2003.01.09"]
[SourceVersion "1"]
[SourceVersionDate "2003.01.09"]
[SourceQuality "1"]

1. Nf3 Nf6 2. c4 c5 3. g3 b6 4. Bg2 Bb7 5. 0-0 g6 6. Nc3 Bg7 7. d4 cxd4 8. Qxd4 0-0 9. Qh4 d6 10. Bh6 Nbd7 11. Rfd1 Rc8 12. b3 Re8 13. Rac1 Rc5 14. Ng5 Bxg2 15. Kxg2 Nf8 16. e4 Qc8 17. Nd5 Nxd5 18. exd5 Rc7 19. Bxg7 Kxg7 20. a4 h6 21. Qd4+ Kg8 22. Nf3 Qf5 23. Qe3 Kg7 24. Rd4 g5 25. h4 e5 26. dxe6 Nxe6 27. Qc3 Nxd4 28. Nxd4 Qe5 29. Re1 Qxe1 30. Ne6+ Kg6 31. h5+ Kf5 32. Ng7+ Ke4 33. f3# 1-0